000 00615nam a22002057a 4500
003 NUST
005 20240307103636.0
008 240307b ||||| |||| 00| 0 eng d
020 _a9781119747222
038 _aMalang Jan
082 _a720.228
_bWOR
245 0 0 _aWorldmodelling:
_bArchitectural Models in the 21st Century/
_cEdited by Mark Morris and Mike Aling
260 _aLondon:
_bWiley;
_c2021.
300 _a144p.:
_bill;
440 _aArchitectural design
_vv. 91, no. 03
_933235
650 _2Architectural design
700 1 _aMorris,Mark
_9121955
700 1 _aAling,Mike
_9121956
942 _2ddc
_cBK
999 _c608596
_d608596